10 Biggest Cities in United Kingdom - Statistics

General Stats
  • This quiz has been taken 105 times
  • The average score is 8 of 10
Answer Stats
Population City % Correct
10,236,000 London
100%
2,639,000 Manchester
99%
1,220,000 Glasgow
94%
2,512,000 Birmingham
93%
875,000 Liverpool
91%
1,893,000 Leeds
87%
706,000 Sheffield
72%
793,000 Newcastle
68%
755,000 Nottingham
49%
883,000 Southampton
48%
No matching quizzes found
Score Distribution
Percent of People with Each Score
Percentile by Number Answered
Your Score History
You have not taken this quiz